00785nas a2200229Ia 4500001001100000003000900011008004100020040001300061040001300074041001300087100004500100210001700145222001700162245009800179250001100277260004600288501008600334300002000420362003300440500004600473650003600519R020/B9115IT-RoPAU151124c99999999xx |||||||||||| ||und|| aIT-RoPAU cIT-RoPAU aITALIANO aCrafton DonaldgCodice Aut. SPICS: 22098 aGRIFFITHIANA aGriffithiana aGRIFFITHIANA, ANNO 16-N.47 (MAGGIO 1993)bEmile Cohl E I Cartoni Animati Dell'American Eclair a1a ed. aGEMONA (UDINE)bCINETECA DEL FRIULIc1993 bPaulus - SPICS - Società San Paolo EM (non-commercial uses only)cCopyright2015 a12 p. [168-179] aANNO 016, N.47 (MAGGIO 1993) aArticolo Tradotto anche in Lingua Inglese aCINEMAvPUBBLICAZIONE PERIODICA